[Event "Graz Moser Memorial (Women)"]
[Site "Graz"]
[Date "2024.03.01"]
[Round "7"]
[White "Schloffer, Jasmin Denise"]
[Black "Atalik, Ekaterina"]
[Result "1/2-1/2"]
[WhiteElo "2178"]
[BlackElo "2405"]
[PlyCount "169"]
[EventDate "2024.02.25"]
[EventType "tourn"]
[EventRounds "9"]
[EventCountry "AUT"]
[SourceTitle "CB10_2024"]
[SourceDate "2024.03.06"]
[SourceVersion "1"]
[SourceVersionDate "2024.03.06"]
[SourceQuality "1"]

1. d4 Nf6 2. c4 e6 3. Nc3 Bb4 4. e3 0-0 5. Bd2 d5 6. Nf3 b6 7. cxd5 exd5 8. Rc1 Bb7 9. Bd3 Re8 10. 0-0 Nbd7 11. Nb5 Bd6 12. Nxd6 cxd6 13. Bb4 Ne4 14. Nd2 Ndf6 15. f3 Ng5 16. Re1 a5 17. Ba3 Qd7 18. Qe2 Ne6 19. Qf2 Ba6 20. Bf5 Rec8 21. Rxc8+ Rxc8 22. Qg3 g6 23. Bb1 Rc6 24. b3 b5 25. b4 a4 26. Bb2 Rc8 27. a3 Ne8 28. Bd3 N8c7 29. Rc1 Na8 30. Rxc8+ Bxc8 31. Nb1 Nb6 32. Nc3 Nc7 33. Ne2 Qe7 34. Bc1 Be6 35. Nf4 Qd7 36. Qe1 Qc6 37. Qd2 Nc4 38. Qc2 Qb6 39. Ne2 Ne8 40. Kf2 Ng7 41. Nf4 Qa7 42. Qe2 Qb7 43. g4 Qe7 44. Kg2 g5 45. Nh3 h6 46. Nf2 f5 47. h3 Bd7 48. Nd1 fxg4 49. fxg4 Ne8 50. Nc3 Nf6 51. Qf3 Qf7 52. Bxc4 bxc4 53. Bd2 Qe6 54. Be1 Be8 55. Bf2 Bg6 56. Qd1 h5 57. gxh5 Bxh5 58. Qg1 Qf5 59. Kh2 Qc2 60. Qe1 Bf3 61. Kg3 g4 62. hxg4 Qg6 63. Qg1 Bxg4 64. Be1 Kf7 65. Qf2 Qh6 66. Qf4 Qh1 67. Kf2 Kg6 68. b5 Bh5 69. Qxd6 Qf3+ 70. Kg1 Qxe3+ 71. Kf1 Qd3+ 72. Kg2 Bf3+ 73. Kf2 Bg4 74. Qf4 Bf5 75. b6 Ne4+ 76. Nxe4 dxe4 77. Qg3+ Qxg3+ 78. Kxg3 Bc8 79. Kf4 Bb7 80. Ke5 e3 81. Kf4 Kf6 82. Kxe3 Ke6 83. Kd2 Kd5 84. Kc3 Kc6 85. Kxc4 1/2-1/2

[Event "ROM-chT Rapid (Women)"]
[Site "Sebes"]
[Date "2023.12.02"]
[Round "4.4"]
[White "Atalik, Ekaterina"]
[Black "Toba, Andreea Valentina"]
[Result "1-0"]
[WhiteElo "2405"]
[BlackElo "1614"]
[PlyCount "55"]
[EventDate "2023.12.02"]
[EventType "team-tourn (rapid)"]
[EventRounds "7"]
[EventCountry "ROU"]
[SourceTitle "CB49_2023"]
[SourceDate "2023.12.06"]
[SourceVersion "1"]
[SourceVersionDate "2023.12.06"]
[SourceQuality "1"]
[WhiteTeam "Bucharest ASE (W)"]
[BlackTeam "Craiova (W)"]
[WhiteTeamCountry "ROU"]
[BlackTeamCountry "ROU"]

1. c4 g6 2. g3 Nf6 3. Bg2 Bg7 4. Nf3 0-0 5. 0-0 d6 6. d3 Nbd7 7. Nc3 c6 8. Rb1 Qc7 9. b4 e5 10. b5 Re8 11. a4 Nc5 12. Ba3 Ne6 13. Qd2 d5 14. cxd5 cxd5 15. b6 axb6 16. Nb5 Qd8 17. Nd6 Rf8 18. Nxc8 Rxc8 19. Bxf8 Bxf8 20. Nxe5 Bd6 21. Nf3 Nc5 22. Nd4 Nxa4 23. Nb5 Be7 24. d4 Ne4 25. Bxe4 dxe4 26. Rfc1 Nc5 27. Qc2 Bg5 28. e3 1-0

[Event "Ankara Is Bank Cup Beyaz"]
[Site "Ankara"]
[Date "2023.11.24"]
[Round "3"]
[White "Ciftci, Zeynep"]
[Black "Atalik, Ekaterina"]
[Result "1/2-1/2"]
[WhiteElo "2173"]
[BlackElo "2404"]
[PlyCount "70"]
[EventDate "2023.11.23"]
[EventType "tourn"]
[EventRounds "5"]
[EventCountry "TUR"]
[EventCategory "8"]
[SourceTitle "CB48_2023"]
[SourceDate "2023.11.29"]
[SourceVersion "1"]
[SourceVersionDate "2023.11.29"]
[SourceQuality "1"]

1. d4 Nf6 2. c4 e6 3. g3 d5 4. Nf3 c5 5. cxd5 exd5 6. Bg2 Nc6 7. 0-0 Be7 8. dxc5 Bxc5 9. Nc3 0-0 10. Bg5 Be6 11. Rc1 Be7 12. Na4 h6 13. Be3 Ne4 14. Nd4 Nxd4 15. Bxd4 Qa5 16. a3 Rac8 17. Nc3 Rfd8 18. e3 Nxc3 19. Bxc3 Qb6 20. Qd4 Qxd4 21. Bxd4 b6 22. h4 Bc5 23. Rfd1 Bxd4 24. exd4 Kf8 25. Kf1 Ke7 26. Ke1 Kd6 27. Kd2 g5 28. hxg5 hxg5 29. b3 Bf5 30. Rxc8 Rxc8 31. Rc1 Rh8 32. Rh1 Rxh1 33. Bxh1 Be4 34. f3 Bg6 35. Bg2 f6 1/2-1/2

[Event "BL 2324 (Women)"]
[Site "Germany"]
[Date "2023.10.15"]
[Round "2.5"]
[White "Rudzinska, Michalina"]
[Black "Atalik, Ekaterina"]
[Result "1/2-1/2"]
[WhiteElo "2228"]
[BlackElo "2394"]
[PlyCount "113"]
[EventDate "2023.10.14"]
[EventType "team-tourn"]
[EventRounds "11"]
[EventCountry "GER"]
[SourceTitle "CB48_2023"]
[SourceDate "2023.11.29"]
[SourceVersion "1"]
[SourceVersionDate "2023.11.29"]
[SourceQuality "1"]
[WhiteTeam "Bad Koenigshofen (W)"]
[BlackTeam "Schwaebisch Hall (W)"]
[WhiteTeamCountry "GER"]
[BlackTeamCountry "GER"]

1. e4 c6 2. d4 d5 3. e5 Bf5 4. Nf3 e6 5. Be2 h6 6. 0-0 Ne7 7. c3 Nd7 8. Na3 Bh7 9. Nc2 Ng6 10. Bd3 Be7 11. Ne3 Qc7 12. Ne1 Ngf8 13. f4 Bxd3 14. Nxd3 g6 15. Kh1 h5 16. b4 f5 17. exf6 Nxf6 18. Ne5 Bd6 19. Qc2 0-0-0 20. a4 h4 21. N3g4 Bxe5 22. Nxe5 Ne4 23. Kg1 Rh5 24. c4 Nd7 25. c5 Nxe5 26. fxe5 Rf5 27. Be3 Rdf8 28. Qd3 g5 29. b5 g4 30. b6 axb6 31. cxb6 Rxf1+ 32. Rxf1 Rxf1+ 33. Qxf1 Qxb6 34. Qf8+ Kc7 35. Kh1 Qb1+ 36. Bg1 Qe1 37. a5 Qxa5 38. Qg7+ Kb8 39. Qxg4 Qe1 40. Qf3 Kc7 41. Qf7+ Kb6 42. Qf3 Kb5 43. Qb3+ Ka6 44. Qa3+ Qa5 45. Qh3 Qe1 46. Qa3+ Kb6 47. Qf3 Nc3 48. Qf2 Qe4 49. Qb2+ Nb5 50. h3 Ka5 51. Bf2 Ka4 52. Kg1 Ka5 53. Qd2+ Ka6 54. Qa2+ Kb6 55. Qb2 Ka6 56. Qa2+ Kb6 57. Qb2 1/2-1/2

[Event "EU-Cup (Women) 27th"]
[Site "Durres"]
[Date "2023.10.07"]
[Round "7.1"]
[White "Atalik, Ekaterina"]
[Black "Tsolakidou, Stavroula"]
[Result "1-0"]
[WhiteElo "2394"]
[BlackElo "2385"]
[PlyCount "67"]
[EventDate "2023.10.01"]
[EventType "team-swiss"]
[EventRounds "7"]
[EventCountry "ALB"]
[SourceTitle "EXT 2024"]
[Source "ChessBase"]
[SourceDate "2023.10.10"]
[SourceVersion "1"]
[SourceVersionDate "2023.10.10"]
[SourceQuality "1"]
[WhiteTeam "Gokturk (W)"]
[BlackTeam "Gambit Asseco See (W)"]
[WhiteTeamCountry "TUR"]
[BlackTeamCountry "MKD"]

1. c4 Nf6 2. Nf3 g6 3. b4 a5 4. b5 Bg7 5. Bb2 d6 6. d4 0-0 7. e3 e5 8. Be2 e4 9. Nfd2 Re8 10. Nc3 h5 11. h3 h4 12. Qc2 Qe7 13. 0-0-0 c6 14. Kb1 cxb5 15. cxb5 Be6 16. f3 exf3 17. gxf3 d5 18. Bd3 Nh5 19. Nf1 Nd7 20. f4 Nb6 21. f5 gxf5 22. Rg1 f4 23. exf4 Bxh3 24. Nh2 Nxf4 25. Bc1 Nh5 26. Nf3 Ng3 27. Qh2 Qb4+ 28. Bb2 Bf5 29. Nxh4 Bxd3+ 30. Rxd3 Nh5 31. Nf5 Na4 32. Nxa4 Re1+ 33. Rd1 Rxd1+ 34. Rxd1 1-0

[Event "EU-Cup (Women) 27th"]
[Site "Durres"]
[Date "2023.10.05"]
[Round "5.1"]
[White "Atalik, Ekaterina"]
[Black "Doluhanova, Evgeniya"]
[Result "1-0"]
[WhiteElo "2394"]
[BlackElo "2230"]
[PlyCount "107"]
[EventDate "2023.10.01"]
[EventType "team-swiss"]
[EventRounds "7"]
[EventCountry "ALB"]
[SourceTitle "EXT 2024"]
[Source "ChessBase"]
[SourceDate "2023.10.10"]
[SourceVersion "1"]
[SourceVersionDate "2023.10.10"]
[SourceQuality "1"]
[WhiteTeam "Gokturk (W)"]
[BlackTeam "Panevezys (W)"]
[WhiteTeamCountry "TUR"]
[BlackTeamCountry "LTU"]

1. c4 Nf6 2. Nc3 e5 3. d3 d5 4. cxd5 Nxd5 5. e4 Nb6 6. Nf3 Nc6 7. Be3 Be7 8. Be2 Be6 9. 0-0 0-0 10. a3 Bf6 11. Rc1 h6 12. Na4 Nxa4 13. Qxa4 a6 14. Qc2 Rc8 15. b4 Qd7 16. h3 Rfd8 17. Qb2 Nd4 18. Bxd4 exd4 19. Nh2 Be7 20. f4 f6 21. Bh5 Qa4 22. Bd1 Qe8 23. Nf3 c5 24. f5 Bf7 25. bxc5 Qb5 26. Qxb5 axb5 27. Rb1 Rxc5 28. Bb3 b6 29. Rfd1 Rc6 30. Bxf7+ Kxf7 31. Rxb5 Bxa3 32. Ra1 Bc5 33. Ra7+ Kg8 34. Nd2 Rcc8 35. Rb2 Ra8 36. Rba2 Rxa7 37. Rxa7 Bb4 38. Nb3 Rc8 39. Kf1 Bc5 40. Rd7 Kf8 41. Nxd4 Ke8 42. Rd5 Ke7 43. Ne6 g5 44. Ke2 Bg1 45. d4 Rc2+ 46. Kd3 Rxg2 47. Rb5 h5 48. Rxb6 g4 49. hxg4 h4 50. Kc4 Rxg4 51. Kd5 Kf7 52. Rb8 h3 53. Rh8 Rg8 54. Rh7+ 1-0

[Event "TUR-chT"]
[Site "Ankara"]
[Date "2023.07.17"]
[Round "8.1"]
[White "Nurmanova, Alua"]
[Black "Atalik, Ekaterina"]
[Result "1/2-1/2"]
[WhiteElo "2183"]
[BlackElo "2407"]
[PlyCount "105"]
[EventDate "2023.07.10"]
[EventType "team-tourn"]
[EventRounds "11"]
[EventCountry "TUR"]
[SourceTitle "EXT 2024"]
[Source "ChessBase"]
[SourceDate "2023.10.10"]
[SourceVersion "1"]
[SourceVersionDate "2023.10.10"]
[SourceQuality "1"]
[WhiteTeam "Tas Duvar"]
[BlackTeam "Bayegan Pendik"]
[WhiteTeamCountry "TUR"]
[BlackTeamCountry "TUR"]

1. e4 c6 2. d4 d5 3. e5 Bf5 4. Nf3 e6 5. Be2 h6 6. 0-0 Ne7 7. a4 c5 8. dxc5 Nec6 9. Nd4 Nxd4 10. Qxd4 Nc6 11. Bb5 Bxc2 12. b4 Be7 13. Be3 0-0 14. Bxc6 bxc6 15. Nd2 Rb8 16. Qc3 Bg6 17. Nb3 Qc7 18. f4 Qb7 19. Bd2 Rfc8 20. g4 Be4 21. h3 Qxb4 22. Qxb4 Rxb4 23. Bxb4 Rb8 24. Nd2 Rxb4 25. Nxe4 Rxe4 26. Kg2 Bxc5 27. Rac1 Be3 28. Rxc6 Bxf4 29. Ra6 g5 30. Rxa7 d4 31. Rd7 d3 32. Rxd3 Rxa4 33. Rd7 Re4 34. Rf2 Rxe5 35. Rb2 Kg7 36. Rbb7 Re2+ 37. Kf1 Rh2 38. Rxf7+ Kg6 39. Rf8 Rxh3 40. Rbf7 Rf3+ 41. Ke2 Re3+ 42. Kf2 Rb3 43. Rf6+ Kg7 44. R8f7+ Kg8 45. Rd7 Rb2+ 46. Kf1 Rb1+ 47. Ke2 Rb2+ 48. Kd1 Rb1+ 49. Kc2 Rc1+ 50. Kb3 Rb1+ 51. Kc2 Rc1+ 52. Kb3 Rb1+ 53. Kc2 1/2-1/2

[Event "TUR-chT"]
[Site "Ankara"]
[Date "2023.07.15"]
[Round "6.2"]
[White "Atalik, Ekaterina"]
[Black "Yakubbaeva, Nilufar"]
[Result "1/2-1/2"]
[WhiteElo "2407"]
[BlackElo "2311"]
[PlyCount "69"]
[EventDate "2023.07.10"]
[EventType "team-tourn"]
[EventRounds "11"]
[EventCountry "TUR"]
[SourceTitle "EXT 2024"]
[Source "ChessBase"]
[SourceDate "2023.10.10"]
[SourceVersion "1"]
[SourceVersionDate "2023.10.10"]
[SourceQuality "1"]
[WhiteTeam "Bayegan Pendik"]
[BlackTeam "Burhaniye"]
[WhiteTeamCountry "TUR"]
[BlackTeamCountry "TUN"]

1. Nf3 Nf6 2. c4 e6 3. g3 d5 4. Bg2 dxc4 5. Qa4+ Bd7 6. Qxc4 c5 7. Ne5 Qc8 8. 0-0 Nc6 9. Nxd7 Qxd7 10. Qc2 Be7 11. Nc3 0-0 12. d3 Rfd8 13. Bd2 c4 14. Qa4 cxd3 15. exd3 Nb4 16. Qb3 Qxd3 17. Rad1 Qf5 18. Be3 a5 19. a3 Nbd5 20. Nxd5 Nxd5 21. Bxd5 exd5 22. Qxb7 Bf6 23. Bd4 Rdb8 24. Qc6 Rc8 25. Qb5 Rcb8 26. Qe2 h6 27. Rd3 Bxd4 28. Rxd4 Rb3 29. Rfd1 Qf6 30. R1d3 Rb6 31. Rxd5 Rxb2 32. Qf3 Qxf3 33. Rxf3 Rb7 34. Rff5 Rb3 35. Rxa5 1/2-1/2

[Event "TUR-chT"]
[Site "Ankara"]
[Date "2023.07.14"]
[Round "5.5"]
[White "Mammadova, Narmin Fazahir Qizi"]
[Black "Atalik, Ekaterina"]
[Result "1/2-1/2"]
[WhiteElo "2241"]
[BlackElo "2407"]
[PlyCount "90"]
[EventDate "2023.07.10"]
[EventType "team-tourn"]
[EventRounds "11"]
[EventCountry "TUR"]
[SourceTitle "EXT 2024"]
[Source "ChessBase"]
[SourceDate "2023.10.10"]
[SourceVersion "1"]
[SourceVersionDate "2023.10.10"]
[SourceQuality "1"]
[WhiteTeam "Rota Koleji Dernegi"]
[BlackTeam "Bayegan Pendik"]
[WhiteTeamCountry "TUR"]
[BlackTeamCountry "TUR"]

1. e4 e5 2. Nf3 Nc6 3. Bc4 Nf6 4. d3 h6 5. 0-0 d6 6. c3 g5 7. a4 Bg7 8. Nbd2 0-0 9. Bb3 Ne7 10. Re1 Ng6 11. Nf1 c6 12. Ng3 g4 13. Nd2 d5 14. Ndf1 dxe4 15. dxe4 Qxd1 16. Rxd1 Be6 17. Bc2 Rfd8 18. Be3 Rxd1 19. Rxd1 Bf8 20. Ne2 Nh5 21. Nfg3 Nhf4 22. Bxf4 exf4 23. Nh5 f3 24. Nef4 Ne5 25. Nxe6 fxe6 26. Nf6+ Kf7 27. Nd7 Bg7 28. Nxe5+ Bxe5 29. gxf3 gxf3 30. Rd3 Rg8+ 31. Kh1 Ke7 32. Rxf3 Rf8 33. Rxf8 Kxf8 34. Kg2 Bf4 35. h3 Ke7 36. Kf3 Bc1 37. b3 Bd2 38. e5 Bxc3 39. Ke4 Bb2 40. Bd1 Bc3 41. f4 Bd2 42. Bg4 b5 43. f5 exf5+ 44. Bxf5 bxa4 45. bxa4 a5 1/2-1/2

[Event "BL 2223 (Women)"]
[Site "Germany"]
[Date "2023.04.30"]
[Round "10.5"]
[White "Narva, Mai"]
[Black "Atalik, Ekaterina"]
[Result "1/2-1/2"]
[WhiteElo "2384"]
[BlackElo "2406"]
[PlyCount "79"]
[EventDate "2022.10.15"]
[EventType "team-tourn"]
[EventRounds "11"]
[EventCountry "GER"]
[SourceTitle "EXT 2024"]
[Source "ChessBase"]
[SourceDate "2023.10.10"]
[SourceVersion "1"]
[SourceVersionDate "2023.10.10"]
[SourceQuality "1"]
[WhiteTeam "Baden-Baden (W)"]
[BlackTeam "Schwaebisch Hall (W)"]
[WhiteTeamCountry "GER"]
[BlackTeamCountry "GER"]

1. e4 e5 2. Nf3 Nc6 3. Bb5 a6 4. Ba4 Nf6 5. 0-0 Be7 6. d3 d6 7. c3 0-0 8. h3 b5 9. Bb3 Na5 10. Bc2 c5 11. Re1 Nc6 12. Nbd2 Re8 13. Nf1 Bf8 14. Bg5 h6 15. Bxf6 Qxf6 16. Ne3 Rb8 17. a4 b4 18. a5 Be6 19. Nd2 Qg5 20. Kh1 Na7 21. Ba4 Red8 22. Ndc4 Nb5 23. Qc2 Nc7 24. Nb6 bxc3 25. bxc3 d5 26. exd5 Nxd5 27. Nexd5 Bxd5 28. Nxd5 Rxd5 29. Bb3 Rd6 30. Re3 Rf6 31. Bc4 Rf4 32. Rae1 Bd6 33. Kg1 Bc7 34. Qa4 Qf6 35. Qa2 Qd8 36. g3 Rf6 37. Qa3 Bd6 38. Qa2 Bc7 39. Qa3 Bd6 40. Qa2 1/2-1/2

[Event "BL 2223 (Women)"]
[Site "Germany"]
[Date "2023.04.29"]
[Round "9.4"]
[White "Acarbay, Algi"]
[Black "Atalik, Ekaterina"]
[Result "0-1"]
[WhiteElo "1936"]
[BlackElo "2406"]
[PlyCount "88"]
[EventDate "2022.10.15"]
[EventType "team-tourn"]
[EventRounds "11"]
[EventCountry "GER"]
[SourceTitle "EXT 2024"]
[Source "ChessBase"]
[SourceDate "2023.10.10"]
[SourceVersion "1"]
[SourceVersionDate "2023.10.10"]
[SourceQuality "1"]
[WhiteTeam "Bayern Muenchen (W)"]
[BlackTeam "Schwaebisch Hall (W)"]
[WhiteTeamCountry "GER"]
[BlackTeamCountry "GER"]

1. e4 c6 2. Nf3 d5 3. d3 g6 4. Nc3 Bg7 5. g3 e5 6. Bg2 Ne7 7. 0-0 0-0 8. Re1 d4 9. Ne2 c5 10. c3 Nbc6 11. cxd4 cxd4 12. Nd2 Be6 13. a3 a5 14. f4 a4 15. Rf1 Qd7 16. Nf3 Bb3 17. Qe1 Rfc8 18. fxe5 Nxe5 19. Nxe5 Bxe5 20. Bf4 Bg7 21. Rc1 Rxc1 22. Nxc1 Be6 23. Qd2 Nc6 24. Ne2 Na5 25. Qb4 Nb3 26. Nc1 Rc8 27. Nxb3 Bxb3 28. Rc1 Rxc1+ 29. Bxc1 h6 30. Bf4 Bf8 31. Qe1 Qb5 32. Qe2 g5 33. Bc1 Qc5 34. Qd2 Be6 35. h3 Bd6 36. h4 f6 37. hxg5 hxg5 38. Kh2 Qc7 39. Qe1 Be5 40. Bd2 Qc2 41. Bf1 Qxb2 42. Qc1 Qxc1 43. Bxc1 b5 44. Bb2 Kf8 0-1

[Event "BL 2223 (Women)"]
[Site "Germany"]
[Date "2023.03.12"]
[Round "8.3"]
[White "Atalik, Ekaterina"]
[Black "Theissl Pokorna, Regina"]
[Result "1/2-1/2"]
[WhiteElo "2406"]
[BlackElo "2300"]
[PlyCount "37"]
[EventDate "2022.10.15"]
[EventType "team-tourn"]
[EventRounds "11"]
[EventCountry "GER"]
[SourceTitle "CBM 213 Extra"]
[Source "ChessBase"]
[SourceDate "2023.05.31"]
[SourceVersion "1"]
[SourceVersionDate "2023.05.31"]
[SourceQuality "1"]
[WhiteTeam "Schwaebisch Hall (W)"]
[BlackTeam "Rodewisch (W)"]
[WhiteTeamCountry "GER"]
[BlackTeamCountry "GER"]

1. d4 Nf6 2. c4 e6 3. Nc3 Bb4 4. e3 0-0 5. Bd2 d5 6. Nf3 c5 7. a3 Bxc3 8. Bxc3 Ne4 9. Rc1 Nxc3 10. Rxc3 cxd4 11. Nxd4 Nc6 12. cxd5 Nxd4 13. Qxd4 Qxd5 14. Qxd5 exd5 15. Be2 Be6 16. Bf3 Rac8 17. Rxc8 Rxc8 18. Kd2 Kf8 19. Rc1 1/2-1/2

[Event "BL 2223 (Women)"]
[Site "Germany"]
[Date "2023.03.11"]
[Round "7.3"]
[White "Hancu, O."]
[Black "Atalik, Ekaterina"]
[Result "0-1"]
[WhiteElo "2104"]
[BlackElo "2406"]
[PlyCount "105"]
[EventDate "2022.10.15"]
[EventType "team-tourn"]
[EventRounds "11"]
[EventCountry "GER"]
[SourceTitle "CBM 213 Extra"]
[Source "ChessBase"]
[SourceDate "2023.05.31"]
[SourceVersion "1"]
[SourceVersionDate "2023.05.31"]
[SourceQuality "1"]
[WhiteTeam "Leipzig Weissblau (W)"]
[BlackTeam "Schwaebisch Hall (W)"]
[WhiteTeamCountry "GER"]
[BlackTeamCountry "GER"]

1. d4 d5 2. Nf3 Nf6 3. c4 e6 4. Bg5 Nbd7 5. e3 h6 6. Bh4 Be7 7. Bd3 dxc4 8. Bxc4 c5 9. 0-0 0-0 10. Nc3 cxd4 11. exd4 Nb6 12. Bb3 Nfd5 13. Bg3 Bd7 14. Rc1 Nxc3 15. bxc3 Ba3 16. Rb1 Bb5 17. Re1 a6 18. Ne5 Be8 19. Ng6 Nd5 20. Bxd5 Qxd5 21. Nxf8 Bxf8 22. Qb3 Bc6 23. f3 b5 24. Rec1 Be7 25. Be5 Bg5 26. Rc2 Qd7 27. Bg3 Bd5 28. Qb2 Rc8 29. Re2 Rc4 30. f4 Bf6 31. Qd2 Qc6 32. Be1 Ra4 33. Rb2 Bc4 34. Rf2 Qd5 35. Qc2 g6 36. Bd2 Bg7 37. Be3 Qc6 38. Qd2 Qe4 39. h3 h5 40. Rf3 Bf8 41. Qf2 Qf5 42. Qh4 Bxa2 43. Qd8 Bd5 44. Rg3 Ra1+ 45. Kh2 Qd3 46. f5 Qf1 47. Rxg6+ fxg6 48. Rf2 Qh1+ 49. Kg3 Rg1 50. Kh4 Rxg2 51. Rxg2 Qxg2 52. f6 Qe4+ 53. Kg5 0-1

[Event "Wch Blitz (Women)"]
[Site "Almaty"]
[Date "2022.12.30"]
[Round "13"]
[White "Garifullina, Leya"]
[Black "Atalik, Ekaterina"]
[Result "1/2-1/2"]
[WhiteElo "2231"]
[BlackElo "2306"]
[PlyCount "121"]
[EventDate "2022.12.29"]
[EventType "swiss (blitz)"]
[EventRounds "17"]
[EventCountry "KAZ"]
[SourceTitle "CBM 211 Extra"]
[Source "ChessBase"]
[SourceDate "2023.01.31"]
[SourceVersion "1"]
[SourceVersionDate "2023.01.31"]
[SourceQuality "1"]

1. e4 c6 2. d4 d5 3. e5 Bf5 4. Nf3 e6 5. Be2 h6 6. 0-0 Ne7 7. Nbd2 Nd7 8. Nb3 Bh7 9. a4 Ng6 10. a5 Be7 11. Bd3 0-0 12. Re1 Nh8 13. Bxh7+ Kxh7 14. Qd3+ Kg8 15. c4 Ng6 16. Nbd2 Qc7 17. c5 f5 18. b4 a6 19. Nb1 Nh4 20. Nxh4 Bxh4 21. Nc3 Be7 22. Kf1 Qd8 23. Ke2 Qe8 24. Qf3 g5 25. Kd2 Qg6 26. Qd3 Kg7 27. Kc2 f4 28. Bd2 Qxd3+ 29. Kxd3 Rf7 30. Rh1 Nf8 31. f3 Ng6 32. Be1 h5 33. h3 Rh8 34. Bf2 Bd8 35. Ne2 Ne7 36. h4 g4 37. Be1 g3 38. Bd2 Ng6 39. Rh3 Bxh4 40. Rah1 Be7 41. Rxh5 Rxh5 42. Rxh5 Rf8 43. Rh1 Bg5 44. Bc1 Nh4 45. Nxg3 fxg3 46. Bxg5 Nxg2 47. Bf6+ Kg6 48. Rg1 Nf4+ 49. Ke3 Nh5 50. f4 Nxf6 51. Rxg3+ Kf7 52. exf6 Kxf6 53. Rh3 Rg8 54. Rh7 Rg7 55. Rxg7 Kxg7 56. Kf3 Kf6 57. Kg4 Kg6 58. Kg3 Kf6 59. Kg4 Kg6 60. Kg3 Kf5 61. Kf3 1/2-1/2

[Event "Wch Blitz (Women)"]
[Site "Almaty"]
[Date "2022.12.30"]
[Round "17"]
[White "Tereladze, Sopiko"]
[Black "Atalik, Ekaterina"]
[Result "1-0"]
[WhiteElo "2100"]
[BlackElo "2306"]
[PlyCount "53"]
[EventDate "2022.12.29"]
[EventType "swiss (blitz)"]
[EventRounds "17"]
[EventCountry "KAZ"]
[SourceTitle "CBM 211 Extra"]
[Source "ChessBase"]
[SourceDate "2023.01.31"]
[SourceVersion "1"]
[SourceVersionDate "2023.01.31"]
[SourceQuality "1"]

1. e4 c6 2. d4 d5 3. exd5 cxd5 4. c4 Nf6 5. Nc3 Nc6 6. Nf3 g6 7. Bg5 Be6 8. c5 Bg7 9. Bd3 0-0 10. 0-0 Bg4 11. Be2 Ne4 12. Be3 e6 13. h3 Bxf3 14. Bxf3 f5 15. Bxe4 dxe4 16. d5 exd5 17. Nxd5 Ne5 18. Qb3 Kh8 19. Nf4 Qd7 20. Ne6 Nd3 21. Nxg7 Kxg7 22. Rfd1 Rad8 23. Bf4 Qc6 24. Bd6 Rf7 25. Rxd3 exd3 26. Qxd3 Re8 27. b4 1-0

[Event "Wch Blitz (Women)"]
[Site "Almaty"]
[Date "2022.12.29"]
[Round "8"]
[White "Atalik, Ekaterina"]
[Black "Nurgaliyeva, Zarina"]
[Result "1/2-1/2"]
[WhiteElo "2306"]
[BlackElo "1904"]
[PlyCount "105"]
[EventDate "2022.12.29"]
[EventType "swiss (blitz)"]
[EventRounds "17"]
[EventCountry "KAZ"]
[SourceTitle "CBM 211 Extra"]
[Source "ChessBase"]
[SourceDate "2023.01.31"]
[SourceVersion "1"]
[SourceVersionDate "2023.01.31"]
[SourceQuality "1"]

1. d4 Nf6 2. Nf3 d5 3. g3 e6 4. Bg2 Be7 5. 0-0 0-0 6. Nbd2 c6 7. c4 Nbd7 8. b3 b6 9. Bb2 Bb7 10. Qc2 Rc8 11. e4 dxe4 12. Nxe4 Nxe4 13. Qxe4 Nf6 14. Qe2 c5 15. Rad1 Qc7 16. Rfe1 Rfd8 17. d5 Ne8 18. dxe6 Bf6 19. exf7+ Qxf7 20. Ne5 Bxe5 21. Qxe5 Bxg2 22. Kxg2 Nf6 23. Rxd8+ Rxd8 24. Bc3 h6 25. Qe6 Qxe6 26. Rxe6 Kf7 27. Rc6 Rd7 28. Bxf6 gxf6 29. Kf3 Kg6 30. h4 Rd2 31. g4 Rxa2 32. Rc7 h5 33. gxh5+ Kxh5 34. Rh7+ Kg6 35. Rb7 Ra3 36. Kg4 Rxb3 37. h5+ Kh6 38. Rf7 Rc3 39. Rxf6+ Kh7 40. Rc6 Rxc4+ 41. Kg5 Rc1 42. Rc7+ Kg8 43. f4 a5 44. f5 a4 45. h6 b5 46. h7+ Kh8 47. f6 a3 48. f7 Rf1 49. Kg6 Rg1+ 50. Kf6 Rf1+ 51. Kg6 Rg1+ 52. Kf6 Rf1+ 53. Kg6 1/2-1/2

[Event "Wch Blitz (Women)"]
[Site "Almaty"]
[Date "2022.12.29"]
[Round "5"]
[White "Beydullayeva, Govhar"]
[Black "Atalik, Ekaterina"]
[Result "0-1"]
[WhiteElo "2256"]
[BlackElo "2306"]
[PlyCount "104"]
[EventDate "2022.12.29"]
[EventType "swiss (blitz)"]
[EventRounds "17"]
[EventCountry "KAZ"]
[SourceTitle "CBM 211 Extra"]
[Source "ChessBase"]
[SourceDate "2023.01.31"]
[SourceVersion "1"]
[SourceVersionDate "2023.01.31"]
[SourceQuality "1"]

1. d4 d5 2. c4 e6 3. Nf3 Nf6 4. Nc3 Nbd7 5. Bf4 dxc4 6. e3 Nb6 7. Bxc4 Nxc4 8. Qa4+ c6 9. Qxc4 Be7 10. 0-0 0-0 11. e4 Bd7 12. Rfd1 Rc8 13. Qe2 Qb6 14. Ne5 Rfd8 15. Rac1 Be8 16. Be3 Qa5 17. f4 Bb4 18. Qf3 Bxc3 19. bxc3 Qxa2 20. c4 a6 21. c5 Qa5 22. Nc4 Qc7 23. Nd6 Rb8 24. f5 exf5 25. Qxf5 Qd7 26. Qf1 Qe6 27. Bg5 Rxd6 28. cxd6 Nxe4 29. Re1 f5 30. Bf4 Qd7 31. Be5 Bf7 32. Qf4 Bd5 33. Rf1 Rf8 34. h4 Rf7 35. h5 h6 36. Rb1 a5 37. Ra1 Qd8 38. Rfe1 b5 39. Re3 a4 40. Kh2 Kh7 41. Rf1 b4 42. g3 a3 43. Qf3 a2 44. Qd1 Qg5 45. Bf4 Qd8 46. g4 Qh4+ 47. Kg1 fxg4 48. Qc2 b3 49. Qd3 g3 50. Bxg3 Rxf1+ 51. Kxf1 Qh1+ 52. Ke2 a1Q 0-1

[Event "Wch Blitz (Women)"]
[Site "Almaty"]
[Date "2022.12.29"]
[Round "1"]
[White "Druzhinina, Olga"]
[Black "Atalik, Ekaterina"]
[Result "0-1"]
[WhiteElo "2014"]
[BlackElo "2306"]
[PlyCount "60"]
[EventDate "2022.12.29"]
[EventType "swiss (blitz)"]
[EventRounds "17"]
[EventCountry "KAZ"]
[SourceTitle "CBM 211 Extra"]
[Source "ChessBase"]
[SourceDate "2023.01.31"]
[SourceVersion "1"]
[SourceVersionDate "2023.01.31"]
[SourceQuality "1"]

1. e4 c6 2. d4 d5 3. exd5 cxd5 4. Bd3 Nc6 5. c3 Nf6 6. h3 g6 7. Nf3 Bg7 8. 0-0 0-0 9. Bf4 Bf5 10. Be2 Bxb1 11. Rxb1 e6 12. Re1 a6 13. Qc1 Rc8 14. Bf1 Ne4 15. Qd1 h6 16. Bd3 f5 17. Ne5 Nxe5 18. Bxe5 Bxe5 19. dxe5 Kg7 20. Bxe4 fxe4 21. Qd4 Rf5 22. Rbd1 Qc7 23. Qb4 Rcf8 24. Rd2 Rxe5 25. c4 Ref5 26. cxd5 exd5 27. Qd4+ Qe5 28. Qb6 R8f7 29. Rc1 Qf6 30. Rc8 Qxb6 0-1